01143nac a22002531u 4500010001600000020002800016020003500044082001600079090001500095100003400110245010700144260008900251300003300340504006400373650003900437650004300476650004000519650005800559650004400617650006600661942001900727999001500746952012800761 a 91031493 a1555872964 (alk. paper) a1555872743 (pbk. : alk. paper)00a363.8bF811 c2177d2177 aFoster, Phillips, 14aThe world food problem :btackling the causes of undernutrition in the Third World /cPhillips Foster. aBoulder, Colo. :bLynne Rienner Publishers ;aLondon :bAdamantine Press,1992c1992. axx, 367 p. :bill. ;c24 cm. aIncludes bibliographical references (p. 343-359) and index. 0aFood supplyzDeveloping countries. 0aPoorxNutritionzDeveloping countries. 0aMalnutritionzDeveloping countries. 0aFood supplyxGovernment policyzDeveloping countries. 0aNutrition policyzDeveloping countries. 0aFood supplyzDeveloping countriesxInternational cooperation. cBBk363.8 F811 c2177d2177 00104070aMAINbMAINc1STd2012-02-07ePurchasel4m12o363.8 FOSp000002110r2025-07-15 00:00:00s2016-03-07v330.00yBB